Представление документа в формате MARC21

Поле Инд. ПП Название Значение
Тип записи a
Библиографический уровень m
001 _ Контрольный номер RU\infra-m\znanium\bibl\2082724
005 _ Дата корректировки 20250915104047.1
008 Кодируемые данные 230623s2023 RU g rus u
020 a ISBN 978-5-394-05309-2
040 a Служба первич. каталог. Общество с ограниченной ответственностью «ЗНАНИУМ»
041 a Код языка текста rus
044 a Код страны публикации RU
080 a Индекс УДК 659
084 2 Источник индекса rubbk
a Индекс другой классификации/Индекс ББК 760
084 2 Источник индекса okso
a Индекс другой классификации/Индекс ББК 42.04.01
084 2 Источник индекса okso
a Индекс другой классификации/Индекс ББК 42.03.01
100 1_ a Автор Шарков Феликс Изосимович
q Полное имя Феликс Изосимович
245 a Заглавие Коммуникология
b Продолж. заглавия Энциклопедический словарь-справочник; Справочная литература
c Ответственность Московский государственный институт международных отношений (университет) Министерства иностранных дел Российской Федерации
250 a Основные сведения об издании 6
260 a Место издания Москва
b Издательство Издательско-торговая корпорация "Дашков и К"
c Дата издания 2023
300 a Объем 766 с.
520 a Аннотация Данная книга входит в серию «Коммуникология» в которую вошли учебники учебные пособия учебновспомогательные материалы по междисциплинарному модулю «Коммуникология» стандарта третьего поколения для подготовки бакалавров и магистров рекламы и связей с общественностью.
521 a Примеч. о целев. назн. ВО - Бакалавриат
650 a Основная рубрика Реклама. Маркетинг. PR
x Основная подрубрика PR (Паблик рилейшнз)
852 x Примечание, не предназначенное для пользователя znanium2023
856 4_ a Имя сервера/домена znanium.com
m Помощь ebs_support@infra-m.ru
n Местонахождение сервера НИЦ ИНФРА-М
u URL https://znanium.com/catalog/document?id=431464
z Примечание для пользователя Участвует в КО
856 41 a Имя сервера/домена znanium.com
d Путь /cover/2082
f Электронное имя 2082724.jpg
q Тип электронного формата image/jpeg
u URL https://znanium.com/cover/2082/2082724.jpg